Advanced Accountancy (Vol-II) (Record no. 1588)

MARC details
000 -LEADER
fixed length control field 00430nam a22001697a 4500
005 - DATE AND TIME OF LATEST TRANSACTION
control field 20180613151834.0
008 - FIXED-LENGTH DATA ELEMENTS--GENERAL INFORMATION
fixed length control field 160524b xxu||||| |||| 00| 0 eng d
020 ## - INTERNATIONAL STANDARD BOOK NUMBER
ISBN 81-259-1470-6
041 ## - LANGUAGE CODE
Language code of text/sound track or separate title eng
082 ## - DEWEY DECIMAL CLASSIFICATION NUMBER
Item number 4714
Classification number 657.046
100 ## - MAIN ENTRY--AUTHOR NAME
Personal name Maheshwari, S.N. and S.K.
245 ## - TITLE STATEMENT
Title Advanced Accountancy (Vol-II)
260 ## - PUBLICATION, DISTRIBUTION, ETC. (IMPRINT)
Place of publication New Delhi
Name of publisher Academic Faundation
300 ## - PHYSICAL DESCRIPTION
Number of Pages 4.336
650 ## - SUBJECT ADDED ENTRY--TOPICAL TERM
Topical Term Management
942 ## - ADDED ENTRY ELEMENTS (KOHA)
Koha item type Books
Holdings
Lost status Damaged status Home library Current library Shelving location Date acquired Cost, normal purchase price Full call number Accession Number Koha item type Collection code
    JRU Library JRU Library SHELF-70 K 24/05/2016 300.00 657.046 4714 Books  
    JRU Library   SHELF-28-I 24/05/2016 300.00 657.046 4715 Books Reference
    JRU Library JRU Library SHELF-70 K 24/05/2016 300.00 657.046 4716 Books MANAGEMENT